NLSUI OPAC header image

European yearbook in law and sociology 1978 (Record no. 3978)

MARC details
000 -LEADER
fixed length control field 00448nam a2200157Ia 4500
008 - FIXED-LENGTH DATA ELEMENTS--GENERAL INFORMATION
fixed length control field 160316s1979 xxu||||| |||| 00| 0 eng d
082 ## - DEWEY DECIMAL CLASSIFICATION NUMBER
Classification number 344.000000
Item number BLE
100 ## - MAIN ENTRY--PERSONAL NAME
Personal name Blegvad B M
245 ## - TITLE STATEMENT
Title European yearbook in law and sociology 1978
250 ## - EDITION STATEMENT
Edition statement
260 ## - PUBLICATION, DISTRIBUTION, ETC.
Place of publication, distribution, etc. London
Name of publisher, distributor, etc. Martinus Nijhoff publishers
Date of publication, distribution, etc. 1979
300 ## - PHYSICAL DESCRIPTION
Extent 166p
Other physical details
Dimensions
365 ## - TRADE PRICE
Price amount GL76.00
650 ## - SUBJECT ADDED ENTRY--TOPICAL TERM
Topical term or geographic name entry element 1.Sociology of Law - Socio-legal Studies
700 ## - ADDED ENTRY--PERSONAL NAME
Personal name Campbell C M
-- Schuyt C J
Holdings
Withdrawn status Lost status Damaged status Not for loan Home library Current library Shelving location Date acquired Cost, normal purchase price Total Checkouts Full call number Barcode Date last seen Price effective from Koha item type
        NLS NLS Library Compactors 30/05/2017 76.00   344 BLE 4147 30/05/2017 30/05/2017 BOOKs